000
00317nam a2200109Ia 4500
008
171211s9999 xx 000 0 und d
245
_a
Agriscience Fundamentals and Applications, 5 edition
245
_c
L. DeVere Burton
260
_c
2009
650
_x
Biology
856
_u
http://down.ebook777.com/061/1435419669.pdf
999
_c
350429
_d
350429